| 000 | 00857nam a2200229 a 4500 | ||
|---|---|---|---|
| 001 | 000026742 | ||
| 005 | 20250120091142.0 | ||
| 008 | 110325s1986 dr bd 000 0 spa d | ||
| 040 |
_aDO-SdBNP _bspa _cBNPHU |
||
| 082 |
_a331.62729407293 _bB142b, 1986 |
||
| 100 | 1 |
_aBáez Evertsz, Franc , _d 1948-2016 _955030 |
|
| 245 | 1 | 0 | _aBraceros haitianos en la República Dominicana. |
| 250 | _a2a ed. | ||
| 260 |
_aSanto Domingo, : _bInstituto Dominicano de Investigaciones Sociales, _c1986. |
||
| 300 |
_a354 p. : _bmap., diagr. ; _c23 cm. |
||
| 504 | _aBibliografía : p. 327-340 | ||
| 500 | _aIncluye Índice de cuadros, grafícos, mapas y diagramas | ||
| 590 | _aInventariado, 2018/VM | ||
| 650 | 4 |
_aTrabajadores extranjeros _zRepública Dominicana _953854 |
|
| 650 | 4 |
_aHaitianos en república dominicana _92246 |
|
| 910 | _aValidado. Control de calidad MFF | ||
| 999 |
_c26234 _d26234 |
||